Consumers: A Select Bibliography (Record no. 515041)

000 -LEADER
fixed length control field 00487cam a22001457a 4500
008 - FIXED-LENGTH DATA ELEMENTS--GENERAL INFORMATION
fixed length control field 180718b2007 xxu||||| |||| 00| 0 eng d
082 ## - DEWEY DECIMAL CLASSIFICATION NUMBER
Classification number TNC A:T15 G95c
100 ## - MAIN ENTRY--PERSONAL NAME
Personal name Gulati,Sunita
9 (RLIN) 20120
245 ## - TITLE STATEMENT
Title Consumers: A Select Bibliography
Statement of responsibility, etc By Sunita Gulati
260 ## - PUBLICATION, DISTRIBUTION, ETC. (IMPRINT)
Place of publication, distribution, etc New Delhi
Name of publisher, distributor, etc Indian Institute of Public Administration
Date of publication, distribution, etc 2007
300 ## - PHYSICAL DESCRIPTION
Extent 253p.
650 ## - SUBJECT ADDED ENTRY--TOPICAL TERM
Topical term or geographic name as entry element Consumer protection --India -- Bibliography
9 (RLIN) 20121
650 ## - SUBJECT ADDED ENTRY--TOPICAL TERM
Topical term or geographic name as entry element Consumer protection -- Bibliography
9 (RLIN) 20122
942 ## - ADDED ENTRY ELEMENTS (KOHA)
Source of classification or shelving scheme
Holdings
Withdrawn status Lost status Source of classification or shelving scheme Damaged status Koha normalized classification for sorting Not for loan Permanent location Current location Date acquired Full call number Barcode Date last seen Price effective from Koha item type
        TNC_AT15_G95CO   Indian Institute of Public Administration Indian Institute of Public Administration 2021-01-08 TNC A:T15 G95co GR22231 2021-01-08 2021-01-08 GR

Powered by Koha